[Event "16th Asia-ch (w)"]
[Site "Ho Chi Minh VIE"]
[Date "2012.05.05"]
[Round "1"]
[White "Zhao Xue"]
[Black "Zhai Mo"]
[Result "1-0"]
[WhiteElo "2549"]
[BlackElo "2248"]
[EventDate "2012.05.05"]
[PlyCount "125"]

1.d4 Nf6 2.c4 e6 3.Nf3 Bb4+ 4.Nbd2 d5 5.a3 Be7 6.Qc2 O-O 7.g3 b6 8.Bg2 Bb7
9.O-O Nbd7 10.cxd5 exd5 11.b4 Re8 12.Nb3 a6 13.Bg5 h6 14.Bxf6 Bxf6 15.Rac1
c6 16.Rfd1 Qe7 17.e3 Nf8 18.Ne1 Ne6 19.Nd3 Rec8 20.a4 a5 21.bxa5 c5 22.
axb6 c4 23.Ndc5 cxb3 24.Qxb3 Nxc5 25.dxc5 Rxc5 26.Rxc5 Qxc5 27.Bxd5 Bxd5 
28.Rxd5 Qc1+ 29.Kg2 Qc6 30.Qb5 Qb7 31.a5 Bc3 32.Qd7 Qxd7 33.Rxd7 Bxa5 34.
Ra7 Rb8 35.Rxa5 Rxb6 36.h4 g6 37.g4 Kg7 38.Kg3 Rb4 39.f4 Rb1 40.h5 gxh5 
41.Rxh5 Ra1 42.Rd5 Re1 43.Kf3 Rg1 44.Rd7 Kg6 45.Rd8 Kg7 46.Rd6 Ra1 47.Ke4 
Ra3 48.Kd4 Ra5 49.e4 Ra1 50.Ke5 Ra5+ 51.Rd5 Ra6 52.f5 Ra1 53.Rd7 Rb1 54.
Ra7 Rd1 55.Ra8 Rb1 56.f6+ Kh7 57.Rf8 Rb7 58.Kf5 Ra7 59.e5 Rb7 60.Rxf7+ 
Rxf7 61.e6 Ra7 62.e7 Ra8 63.f7 1-0

[Event "16th Asia-ch (w)"]
[Site "Ho Chi Minh VIE"]
[Date "2012.05.05"]
[Round "1"]
[White "Le Kieu Thien Kim"]
[Black "Mongontuul, Batchujagijn"]
[Result "0-1"]
[WhiteElo "2239"]
[BlackElo "2451"]
[EventDate "2012.05.05"]
[PlyCount "125"]

1.d4 Nf6 2.Nf3 g6 3.Bf4 Bg7 4.e3 d6 5.h3 O-O 6.Be2 c5 7.c3 cxd4 8.exd4 Be6
9.O-O Qb6 10.Qc1 Nc6 11.Na3 Rac8 12.Nc2 Rfe8 13.Re1 Na5 14.Bd3 Bd5 15.Nd2 
Qc7 16.Ne3 e5 17.dxe5 dxe5 18.Bg5 Be6 19.Bb5 Red8 20.Nf3 e4 21.Nd2 Qe5 22.
Bxf6 Bxf6 23.Bf1 Bg5 24.Qc2 f5 25.Rad1 Be7 26.g3 Qf6 27.Ng2 Nc6 28.Nf4 Bf7
29.Nc4 g5 30.Ng2 b5 31.Nce3 Nd4 32.Rxd4 Rxd4 33.Bxb5 Rdd8 34.Ba4 h5 35.h4 
gxh4 36.Nxh4 f4 37.Nef5 fxg3 38.fxg3 Bc5+ 39.Kh2 Qg5 40.Qxe4 Rd2+ 41.Kh3 
Rxb2 42.Bb3 Rf8 43.Bxf7+ Rxf7 44.Rf1 Qg4+ 45.Qxg4+ hxg4+ 46.Kxg4 Bf8 47.
Re1 Rxa2 48.Re8 Rf6 49.Kg5 Raa6 50.Ra8 Kf7 51.g4 Ba3 52.Kh5 Ke6 53.Nd4+ 
Kd5 54.g5 Rf8 55.Rxf8 Bxf8 56.g6 Rb6 57.Nhf5 a5 58.Ne3+ Ke4 59.Nc4 Ra6 60.
Nb3 a4 61.Nc5+ Bxc5 62.g7 Ra8 63.Kg6 0-1

[Event "16th Asia-ch (w)"]
[Site "Ho Chi Minh VIE"]
[Date "2012.05.05"]
[Round "1"]
[White "Tan Zhongyi"]
[Black "Hoang Thi Nhu Y"]
[Result "1-0"]
[WhiteElo "2430"]
[BlackElo "2238"]
[EventDate "2012.05.05"]
[PlyCount "77"]

1.d4 Nf6 2.Nf3 e6 3.c4 d5 4.g3 c5 5.cxd5 exd5 6.Bg2 Nc6 7.O-O c4 8.b3 cxb3
9.axb3 Bd6 10.Nc3 h6 11.Nb5 Bb8 12.Ba3 a6 13.Nc3 Bd6 14.Ne5 Ne7 15.Bb2 Be6
16.h3 O-O 17.e3 Rc8 18.g4 Nd7 19.f4 Nxe5 20.dxe5 Bc5 21.Qd3 d4 22.Ne4 dxe3
23.Nxc5 Rxc5 24.Qxe3 Rb5 25.f5 Rxb3 26.Qf2 Bc4 27.Rfc1 Bb5 28.Ra3 Rxa3 29.
Bxa3 Re8 30.e6 fxe6 31.f6 gxf6 32.Qxf6 Nc6 33.Qg6+ Kh8 34.Qxh6+ Kg8 35.
Qg6+ Kh8 36.Be4 Qd7 37.Bb2+ e5 38.Bf5 Qe7 39.Ba3 1-0

[Event "16th Asia-ch (w)"]
[Site "Ho Chi Minh VIE"]
[Date "2012.05.05"]
[Round "1"]
[White "Nguyen Thi Mai Hung"]
[Black "Tania, Sachdev"]
[Result "1-0"]
[WhiteElo "2237"]
[BlackElo "2417"]
[EventDate "2012.05.05"]
[PlyCount "81"]

1.d4 Nf6 2.Bf4 g6 3.e3 Bg7 4.Nf3 d6 5.h3 O-O 6.Be2 b6 7.c3 Bb7 8.O-O Nbd7 
9.a4 a6 10.Nbd2 Ra7 11.Re1 Qa8 12.Bf1 c5 13.Bh2 Ne4 14.Nxe4 Bxe4 15.Nd2 
Bc6 16.Nc4 Re8 17.b4 d5 18.Ne5 Nxe5 19.Bxe5 Bxe5 20.dxe5 Rd7 21.b5 Bb7 22.
a5 bxa5 23.bxa6 Bxa6 24.Rxa5 Ra7 25.Qa1 c4 26.e4 e6 27.Rd1 Rd8 28.exd5 
Rxd5 29.Rdxd5 exd5 30.Be2 Qc8 31.Bg4 Qc6 32.Bf3 Qc8 33.Bxd5 Kg7 34.Bf3 Qe6
35.Qa3 Qb6 36.Qa1 Qe6 37.Qa2 Qc8 38.Qa3 Qe6 39.Qd6 h5 40.Bd5 Qc8 41.Qf6+ 
1-0

[Event "16th Asia-ch (w)"]
[Site "Ho Chi Minh VIE"]
[Date "2012.05.05"]
[Round "1"]
[White "Pham Le Thao Nguyen"]
[Black "Yanjindulam, Dulamsuren"]
[Result "1-0"]
[WhiteElo "2390"]
[BlackElo "2214"]
[EventDate "2012.05.05"]
[PlyCount "97"]

1.d4 Nf6 2.Bf4 g6 3.e3 Bg7 4.Nf3 O-O 5.Be2 d6 6.O-O Nbd7 7.h3 c5 8.a4 cxd4
9.exd4 Nh5 10.Be3 e5 11.Nc3 Re8 12.Nb5 e4 13.Nh2 Ndf6 14.g4 Nd5 15.gxh5 
Bxh3 16.Qd2 Nxe3 17.Qxe3 Bxf1 18.Bxf1 a6 19.Nc3 d5 20.Rd1 Rc8 21.hxg6 hxg6
22.Qg3 g5 23.Bh3 Rc4 24.Qe3 b5 25.axb5 axb5 26.Rd2 b4 27.Ne2 Qf6 28.Ng3 
Qf4 29.Nf5 Ra8 30.Ne7+ Kf8 31.Nxd5 Qd6 32.Qxe4 Re8 33.Qf3 Rxd4 34.Rxd4 
Bxd4 35.Nf1 Bxb2 36.Nfe3 Bd4 37.Bf1 Re6 38.Bc4 Bxe3 39.Nxe3 Rf6 40.Nf5 Qd8
41.Qe4 Kg8 42.Bd3 Rb6 43.Ne3 Rh6 44.Qxb4 Qc7 45.Qb5 Rh5 46.Nf5 Qh2+ 47.Kf1
Qh1+ 48.Ke2 Qa8 49.Qe5 1-0

[Event "16th Asia-ch (w)"]
[Site "Ho Chi Minh VIE"]
[Date "2012.05.05"]
[Round "1"]
[White "Mohanty, Kiran Monisha"]
[Black "Gomes, Mary Ann"]
[Result "1/2-1/2"]
[WhiteElo "2208"]
[BlackElo "2378"]
[EventDate "2012.05.05"]
[PlyCount "61"]

1.e4 c5 2.Nc3 a6 3.d3 Nc6 4.f4 g6 5.Nf3 Bg7 6.g3 b5 7.Bg2 Bb7 8.O-O b4 9.
Ne2 e6 10.c3 Nge7 11.Be3 d6 12.Qd2 O-O 13.h3 a5 14.Rad1 a4 15.d4 Qa5 16.d5
exd5 17.exd5 bxc3 18.bxc3 Na7 19.c4 Qxd2 20.Nxd2 Nf5 21.Bf2 Rfe8 22.Ne4 
Ba6 23.Rc1 Nc8 24.Rfe1 Nfe7 25.Bf1 Nf5 26.Bg2 Nfe7 27.Bf1 Nf5 28.Bg2 Nfe7 
29.Bf1 Nf5 30.Bg2 Nfe7 31.Bf1 1/2-1/2

[Event "16th Asia-ch (w)"]
[Site "Ho Chi Minh VIE"]
[Date "2012.05.05"]
[Round "1"]
[White "Wang Jue"]
[Black "Sihite, Chelsie Monica"]
[Result "1-0"]
[WhiteElo "2364"]
[BlackElo "2181"]
[EventDate "2012.05.05"]
[PlyCount "113"]

1.e4 e5 2.Nf3 Nc6 3.Bb5 a6 4.Ba4 Nf6 5.O-O Be7 6.Re1 b5 7.Bb3 O-O 8.d4 d6 
9.c3 Bg4 10.Be3 Bh5 11.h3 Qc8 12.Nbd2 Na5 13.Bc2 Nd7 14.Nf1 c5 15.g4 cxd4 
16.cxd4 Bg6 17.Ng3 Nc4 18.Bc1 exd4 19.Nxd4 Bf6 20.Ndf5 Qc5 21.Rb1 Bxf5 22.
Nxf5 g6 23.b4 Qc7 24.g5 Be5 25.Ne7+ Kh8 26.Nd5 Qa7 27.Kg2 f6 28.f4 Bd4 29.
h4 Bf2 30.Rh1 fxg5 31.hxg5 Be3 32.Qe1 Bd4 33.Rb3 Rf7 34.Rbh3 Nf8 35.Rh6 a5
36.Bb3 axb4 37.Qxb4 Bg7 38.Qxb5 Na5 39.Bc2 Rc8 40.Qe2 Qc5 41.Bd3 Rb8 42.
R6h2 Nc6 43.Qc2 Qxc2+ 44.Bxc2 Nd4 45.Bd3 Nc6 46.Ba3 Ra7 47.Bxd6 Rxa2+ 48.
Kf3 Rxh2 49.Rxh2 Rb3 50.Rd2 Ne6 51.Kg4 Ned8 52.Bc4 Rb1 53.e5 Rg1+ 54.Kf3 
Ne6 55.Nf6 Ned4+ 56.Kf2 Rh1 57.Kg2 1-0

[Event "16th Asia-ch (w)"]
[Site "Ho Chi Minh VIE"]
[Date "2012.05.05"]
[Round "1"]
[White "Pham Bich Ngoc"]
[Black "Batchimeg, Tuvshintogs"]
[Result "0-1"]
[WhiteElo "2176"]
[BlackElo "2363"]
[EventDate "2012.05.05"]
[PlyCount "56"]

1.c4 Nf6 2.g3 g6 3.Bg2 Bg7 4.Nc3 O-O 5.e4 d6 6.Nge2 e5 7.O-O Be6 8.d3 Qd7 
9.f4 Nc6 10.Nd5 Bg4 11.Be3 exf4 12.Ndxf4 g5 13.Nd5 Nxd5 14.cxd5 Nd4 15.
Bxd4 Bxd4+ 16.Kh1 Bxb2 17.Rb1 Bg7 18.Rxb7 Rfb8 19.Rb3 a5 20.Qd2 a4 21.
Rxb8+ Rxb8 22.Ng1 h6 23.h3 Rb2 24.Qa5 Bh5 25.Qa7 Rxa2 26.Rc1 Qb5 27.Qxc7 
Qb2 28.Qc8+ Bf8 0-1

[Event "16th Asia-ch (w)"]
[Site "Ho Chi Minh VIE"]
[Date "2012.05.05"]
[Round "1"]
[White "Ni Shiqun"]
[Black "Hoang Thi Bao Tram"]
[Result "0-1"]
[WhiteElo "2157"]
[BlackElo "2356"]
[EventDate "2012.05.05"]
[PlyCount "152"]

1.e4 c6 2.Nc3 d5 3.Nf3 dxe4 4.Nxe4 Bf5 5.Ng3 Bg6 6.Ne5 Nd7 7.Nxg6 hxg6 8.
d4 e6 9.Bd3 Ngf6 10.h3 Bd6 11.Ne4 Nxe4 12.Bxe4 Nb6 13.Qd3 Qh4 14.Bd2 O-O-O
15.g3 Qe7 16.O-O-O e5 17.Bg2 Bc5 18.Qe2 Bxd4 19.f4 Rhe8 20.c3 Bc5 21.Rhe1 
exf4 22.Qg4+ Qd7 23.Qxd7+ Nxd7 24.Bxf4 Nf6 25.Be5 Rxd1+ 26.Kxd1 Rd8+ 27.
Ke2 Ne8 28.g4 f6 29.Bg3 Bd6 30.Bf2 Kb8 31.Rd1 Nc7 32.Be4 Ne6 33.Be3 g5 34.
Bf5 Nc7 35.c4 b6 36.Kf3 Na6 37.a3 Kc7 38.b4 Be5 39.Rxd8 Kxd8 40.Bc1 Nc7 
41.Ke4 Ke7 42.Kd3 Ne6 43.Be4 Kd6 44.Bf3 Nd4 45.Bd1 g6 46.a4 Ne6 47.Ke4 Bc3
48.b5 Nc5+ 49.Kf3 cxb5 50.axb5 Ke5 51.Be3 Bd4 52.Bc1 Ne4 53.Bc2 f5 54.Bd3 
Nc5 55.Bc2 Kf6 56.Ba3 Ne6 57.Bc1 Ke5 58.Bd3 Bc3 59.Be3 Kf6 60.Bf2 Bd4 61.
Be1 Nc5 62.Bc2 Nd7 63.gxf5 gxf5 64.Bb3 Ne5+ 65.Kg2 Ng6 66.Bd2 Nh4+ 67.Kg3 
Be5+ 68.Kf2 g4 69.hxg4 fxg4 70.Be3 g3+ 71.Kf1 Bd6 72.Bc2 Bc5 73.Bxc5 bxc5 
74.Be4 Ke5 75.Bd5 Kf4 76.Ke2 Kf5 0-1

[Event "16th Asia-ch (w)"]
[Site "Ho Chi Minh VIE"]
[Date "2012.05.05"]
[Round "1"]
[White "Karavade, Eesha"]
[Black "Vo Thi Kim Phung"]
[Result "1-0"]
[WhiteElo "2353"]
[BlackElo "2155"]
[EventDate "2012.05.05"]
[PlyCount "81"]

1.d4 Nf6 2.c4 e6 3.Nc3 Bb4 4.Qc2 c5 5.dxc5 Bxc5 6.Nf3 h6 7.Bf4 a6 8.Rd1 
Nc6 9.a3 O-O 10.b4 e5 11.Bg3 Ba7 12.e3 Re8 13.Be2 d6 14.b5 axb5 15.cxb5 
Na5 16.Bxe5 Bc5 17.Bxf6 Qxf6 18.Nd5 Qd8 19.a4 Be6 20.O-O Qd7 21.Ne5 Qc8 
22.Nc4 Nxc4 23.Bxc4 Qd8 24.Nf4 Bxc4 25.Qxc4 Qa5 26.Ra1 Re7 27.Nd5 Re5 28.
f4 Bxe3+ 29.Kh1 Ree8 30.f5 Re5 31.f6 Re6 32.Nxe3 Rxe3 33.Qg4 g5 34.Qh5 Kf8
35.Qxh6+ Ke8 36.Qxg5 Re5 37.Qg8+ Kd7 38.Qxf7+ Kc8 39.Qf8+ Qd8 40.Rfc1+ Kd7
41.Qf7+ 1-0

[Event "16th Asia-ch (w)"]
[Site "Ho Chi Minh VIE"]
[Date "2012.05.05"]
[Round "1"]
[White "Nguyen Quynh Anh"]
[Black "Ding Yixin"]
[Result "1/2-1/2"]
[WhiteElo "2129"]
[BlackElo "2353"]
[EventDate "2012.05.05"]
[PlyCount "44"]

1.e4 c5 2.Nc3 e6 3.Nf3 a6 4.d4 cxd4 5.Nxd4 b5 6.a3 Bb7 7.Be2 Qc7 8.O-O Nf6
9.Bf3 d6 10.g3 Be7 11.Bg2 O-O 12.Qe2 Nbd7 13.f4 Rfe8 14.Re1 Rad8 15.Be3 
Nb6 16.Ndxb5 axb5 17.Nxb5 Qc6 18.Na7 Qc7 19.Nb5 Qc6 20.Na7 Qc7 21.Nb5 Qc6 
22.Na7 Qc7 1/2-1/2

[Event "16th Asia-ch (w)"]
[Site "Ho Chi Minh VIE"]
[Date "2012.05.05"]
[Round "1"]
[White "Citra, Dewi Andhiani Anastasia"]
[Black "Muminova, Nafisa"]
[Result "1/2-1/2"]
[WhiteElo "2112"]
[BlackElo "2338"]
[EventDate "2012.05.05"]
[PlyCount "129"]

1.e4 e5 2.Nf3 Nc6 3.Bb5 f5 4.d3 fxe4 5.dxe4 Nf6 6.Qd3 Bc5 7.c3 Qe7 8.b4 
Bb6 9.O-O d6 10.Nbd2 a6 11.Bc4 Bd7 12.Bb3 Nd8 13.Nc4 Ba7 14.Ne3 g6 15.Nd5 
Nxd5 16.Bxd5 h6 17.Be3 Bb8 18.Nd2 c6 19.Bb3 Bc7 20.Rad1 Be6 21.f4 exf4 22.
Bxf4 Nf7 23.e5 Bf5 24.Bxf7+ Qxf7 25.Qe2 Qe6 26.Rde1 O-O-O 27.exd6 Qxe2 28.
Rxe2 Bxd6 29.Bxd6 Rxd6 30.Nc4 Rd3 31.Re7 Kb8 32.g4 Bc8 33.Nb6 Ka7 34.Nxc8+
Rxc8 35.Rf6 Rxc3 36.Rxg6 Rc2 37.Rxh6 Rd8 38.Re1 Rd4 39.h3 Rxb4 40.g5 Rxa2 
41.g6 Rbb2 42.h4 Rg2+ 43.Kh1 Rh2+ 44.Kg1 Rag2+ 45.Kf1 Rf2+ 46.Kg1 c5 47.
Rc1 Rfg2+ 48.Kf1 Rb2 49.Kg1 Rhd2 50.h5 c4 51.Kf1 c3 52.g7 Rf2+ 53.Ke1 Rh2 
54.Rf6 Rbg2 55.Rf2 Rg1+ 56.Ke2 Rxf2+ 57.Kxf2 Rxg7 58.Rxc3 Rh7 59.Rh3 b5 
60.Ke3 Kb6 61.Kd4 Ka5 62.Kc3 Ka4 63.h6 Ka3 64.Kd4+ Kb4 65.Rh1 1/2-1/2

[Event "16th Asia-ch (w)"]
[Site "Ho Chi Minh VIE"]
[Date "2012.05.05"]
[Round "1"]
[White "Mohota, Nisha"]
[Black "Enkhtuul, Altanulzii"]
[Result "1-0"]
[WhiteElo "2321"]
[BlackElo "2108"]
[EventDate "2012.05.05"]
[PlyCount "65"]

1.d4 Nf6 2.c4 c5 3.d5 b5 4.cxb5 a6 5.bxa6 g6 6.Nc3 Bxa6 7.Nf3 d6 8.g3 Bg7 
9.Bg2 O-O 10.O-O Nbd7 11.Rb1 Ra7 12.Re1 Nb6 13.b3 Qa8 14.e4 Nfd7 15.Qc2 
Rb8 16.Be3 Rab7 17.h3 c4 18.Nd4 cxb3 19.axb3 Ne5 20.Ra1 Nbd7 21.Bf1 Nc5 
22.Bxa6 Nxa6 23.Qe2 Rb6 24.Ndb5 Rxb5 25.Nxb5 Nf3+ 26.Qxf3 Rxb5 27.Ra2 Qb7 
28.Qe2 Bf6 29.Bh6 Bg7 30.Bxg7 Kxg7 31.Rea1 Nb4 32.Ra7 Qb6 33.Qb2+ 1-0

[Event "16th Asia-ch (w)"]
[Site "Ho Chi Minh VIE"]
[Date "2012.05.05"]
[Round "1"]
[White "Ngo Thi Kim Tuyen"]
[Black "Le Thanh Tu"]
[Result "0-1"]
[WhiteElo "2070"]
[BlackElo "2313"]
[EventDate "2012.05.05"]
[PlyCount "80"]

1.d4 c5 2.Nf3 cxd4 3.Nxd4 d5 4.g3 e5 5.Nf3 Nc6 6.Bg2 Nf6 7.O-O Be7 8.b3 
O-O 9.Bb2 Qc7 10.e3 h6 11.h3 Be6 12.Qe2 Rfd8 13.Nbd2 Rac8 14.c4 d4 15.exd4
exd4 16.Rfd1 Bf5 17.a3 a5 18.Nf1 Bc5 19.Bc1 Re8 20.Qb2 Ne4 21.Bf4 Qb6 22.
Re1 Rcd8 23.g4 Bh7 24.Ng3 d3 25.Nxe4 Bxe4 26.Rad1 Bxf3 27.Rxe8+ Rxe8 28.
Bxf3 Nd4 29.Rxd3 Qf6 30.Qd2 g5 31.b4 axb4 32.axb4 Ba7 33.c5 Nxf3+ 34.Rxf3 
gxf4 35.Rxf4 Qe5 36.Rd4 Bb8 37.f4 Qf6 38.Kg2 Kg7 39.Kg3 Re2 40.Qxe2 Qxd4 
0-1

[Event "16th Asia-ch (w)"]
[Site "Ho Chi Minh VIE"]
[Date "2012.05.05"]
[Round "1"]
[White "Ton Nu Hong An"]
[Black "Nguyen Thi Thanh An"]
[Result "0-1"]
[WhiteElo "1997"]
[BlackElo "2301"]
[EventDate "2012.05.05"]
[PlyCount "104"]

1.d4 Nf6 2.c4 g6 3.Nc3 Bg7 4.e4 d6 5.f3 O-O 6.Be3 Nc6 7.Qd2 a6 8.Nge2 Re8 
9.Bh6 Bh8 10.h4 e5 11.d5 Nd4 12.O-O-O b5 13.Nxd4 exd4 14.Ne2 d3 15.Nd4 c5 
16.Nc6 Qc7 17.Bxd3 Bd7 18.h5 Bxc6 19.dxc6 Qxc6 20.g4 Ra7 21.Bg5 Nd7 22.f4 
Nf8 23.Bh6 bxc4 24.Bxc4 Qxe4 25.Bd5 Qe2 26.Bxf8 Kxf8 27.hxg6 fxg6 28.f5 
Qxd2+ 29.Rxd2 Be5 30.Rf2 Kg7 31.fxg6 hxg6 32.Rhf1 Kh6 33.b3 Kg5 34.Rg2 a5 
35.a4 Rh8 36.Rf3 Re7 37.Rf7 Rxf7 38.Bxf7 Rf8 39.Be6 Rf4 40.Kc2 Rf3 41.Re2 
Rc3+ 42.Kd2 Rg3 43.Rf2 Bf4+ 44.Kc2 Re3 45.Bd7 d5 46.Rg2 d4 47.Bb5 Rc3+ 48.
Kb2 Bc1+ 49.Kb1 Ba3 50.Rd2 Kxg4 51.Ka2 Bb4 52.Rg2+ Rg3 0-1

[Event "16th Asia-ch (w)"]
[Site "Ho Chi Minh VIE"]
[Date "2012.05.05"]
[Round "1"]
[White "Kharisma Sukandar, Irine"]
[Black "Pham Thi Thu Hoai"]
[Result "1-0"]
[WhiteElo "2288"]
[BlackElo "1956"]
[EventDate "2012.05.05"]
[PlyCount "65"]

1.e4 e5 2.Nf3 Nc6 3.Bb5 a6 4.Ba4 Nf6 5.d3 d6 6.c3 b5 7.Bc2 Be7 8.O-O O-O 
9.Re1 Bb7 10.Nbd2 Re8 11.Nf1 h6 12.Ng3 Bf8 13.a4 Ne7 14.d4 Ng6 15.h3 Qd7 
16.Nh2 Rab8 17.Ng4 Nxg4 18.hxg4 Be7 19.Nf5 Bf6 20.d5 Qd8 21.axb5 axb5 22.
Bd3 Bc8 23.Ra7 Bd7 24.Be3 Qc8 25.Qd2 Kh7 26.Rea1 Ne7 27.g3 Rb7 28.Rxb7 
Qxb7 29.Ra7 Qb8 30.Nxd6 cxd6 31.Rxd7 Kg8 32.Ba7 Qa8 33.Bxb5 1-0

[Event "16th Asia-ch (w)"]
[Site "Ho Chi Minh VIE"]
[Date "2012.05.05"]
[Round "1"]
[White "Aulia, Virda Rizka"]
[Black "Swathi, Ghate"]
[Result "1-0"]
[WhiteElo "1769"]
[BlackElo "2286"]
[EventDate "2012.05.05"]
[PlyCount "68"]

1.e4 c5 2.Nc3 Nc6 3.g3 g6 4.Bg2 Bg7 5.d3 e6 6.Be3 Nd4 7.Qd2 d6 8.Nd1 e5 9.
c3 Ne6 10.Ne2 Ne7 11.Bh6 d5 12.Bxg7 Nxg7 13.Qg5 Qd6 14.exd5 Bf5 15.Ne3 
Bxd3 16.Ng4 f5 17.Qf6 Qxf6 18.Nxf6+ Kd8 19.d6 Nc6 20.Rd1 Ba6 21.g4 Ne6 22.
gxf5 gxf5 23.Ng3 Rf8 24.Nxh7 Rh8 25.Nf6 Rf8 26.Ngh5 e4 27.Rd5 Bd3 28.Bf1 
Bb1 29.Rg1 a5 30.Bc4 b5 31.Bxb5 Bxa2 32.Bxc6 Ra6 33.Bb5 Rb6 34.c4 Bxc4 1-0

[Event "16th Asia-ch (w)"]
[Site "Ho Chi Minh VIE"]
[Date "2012.05.06"]
[Round "2"]
[White "Mongontuul, Batchujagijn"]
[Black "Nakhbaeva, Guliskhan"]
[Result "1-0"]
[WhiteElo "2451"]
[BlackElo "2309"]
[EventDate "2012.05.05"]
[PlyCount "139"]

1.d4 Nf6 2.Nf3 e6 3.e3 b6 4.Bd3 Bb7 5.O-O d5 6.b3 Bd6 7.Bb2 O-O 8.Nbd2 
Nbd7 9.Ne5 a6 10.f4 Ne4 11.Rf3 f6 12.Nxd7 Qxd7 13.Rh3 Rae8 14.Qe2 a5 15.
Kh1 Bc6 16.a4 g6 17.Rf1 Rf7 18.c4 Bb4 19.Nxe4 dxe4 20.Bc2 f5 21.g4 Be7 22.
Rg3 Bf6 23.g5 Bg7 24.h4 Bb7 25.Rd1 Qd6 26.h5 Rd8 27.Rh3 Rfd7 28.Qe1 Qe7 
29.hxg6 hxg6 30.Kg2 e5 31.Qh4 exf4 32.exf4 e3+ 33.Kh2 e2 34.Re1 Rxd4 35.
Bxd4 Bxd4 36.Bd3 Qd7 37.Rxe2 c5 38.Qe1 Qc6 39.Rg3 Kf8 40.Re6 Qc7 41.Qf1 
Kf7 42.Re1 Re8 43.Rxe8 Kxe8 44.Be2 Kf8 45.Rh3 Kg7 46.Kg3 Qe7 47.Kh2 Be3 
48.Bd3 Bd4 49.Qe2 Qc7 50.Kg3 Qd7 51.Qe1 Kg8 52.Bf1 Be4 53.Bg2 Qe6 54.Qe2 
Qc6 55.Rh1 Kg7 56.Bxe4 fxe4 57.Re1 Bc3 58.Rd1 Bd4 59.Qg4 Kf7 60.Rf1 Qd6 
61.Kh3 Bc3 62.Qe2 Qd3+ 63.Qxd3 exd3 64.Rf3 d2 65.Rd3 Ke6 66.Kg4 Bb4 67.Kf3
Kf5 68.Rd5+ Ke6 69.Ke2 Bc3 70.Rxd2 1-0

[Event "16th Asia-ch (w)"]
[Site "Ho Chi Minh VIE"]
[Date "2012.05.06"]
[Round "2"]
[White "Nguyen Thi Thanh An"]
[Black "Pham Le Thao Nguyen"]
[Result "1/2-1/2"]
[WhiteElo "2301"]
[BlackElo "2390"]
[EventDate "2012.05.05"]
[PlyCount "81"]

1.d4 d5 2.c4 c6 3.Nf3 Nf6 4.Qb3 dxc4 5.Qxc4 Bg4 6.Nc3 Nbd7 7.e4 e6 8.Be3 
Qa5 9.Nd2 e5 10.Qb3 Qb4 11.dxe5 Nxe5 12.f4 Ng6 13.f5 Ne5 14.Qxb4 Bxb4 15.
h3 Nxe4 16.Ndxe4 Bxf5 17.O-O-O O-O 18.a3 Bxc3 19.Nxc3 Rfe8 20.Bf2 b5 21.
Bg3 a5 22.Bxe5 Rxe5 23.Bd3 b4 24.Bxf5 Rxf5 25.Na4 Rb8 26.Rhf1 Rg5 27.axb4 
axb4 28.Rf2 h5 29.Rd7 f6 30.Re2 Rbb5 31.Rc7 Ra5 32.b3 Rg3 33.Rxc6 Rxb3 34.
Nb2 Ra1+ 35.Kc2 Rg3 36.Rb6 Rg1 37.Rxb4 R1xg2 38.Rxg2 Rxg2+ 39.Kd1 Rg3 40.
h4 Kh7 41.Ke2 1/2-1/2

[Event "16th Asia-ch (w)"]
[Site "Ho Chi Minh VIE"]
[Date "2012.05.06"]
[Round "2"]
[White "Kharisma Sukandar, Irine"]
[Black "Wang Jue"]
[Result "1-0"]
[WhiteElo "2288"]
[BlackElo "2364"]
[EventDate "2012.05.05"]
[PlyCount "79"]

1.e4 g6 2.d4 Bg7 3.Nc3 d6 4.f4 a6 5.Nf3 b5 6.Bd3 Bb7 7.O-O Nd7 8.a4 c5 9.
axb5 cxd4 10.Ne2 Qb6 11.bxa6 Nc5 12.e5 Nxd3 13.Qxd3 Rxa6 14.Bd2 Nh6 15.
Qxd4 Qc6 16.Qc3 Qd5 17.Rxa6 Bxa6 18.Ra1 Qb7 19.Ned4 dxe5 20.Nb3 Bb5 21.Nc5
Qc8 22.Ra5 Bc6 23.Nb3 Qb7 24.Nxe5 Bxe5 25.fxe5 Nf5 26.Rc5 Qa7 27.g4 Rg8 
28.Qa5 Qd7 29.Qb6 Bb7 30.Rc7 Qa4 31.Qb4 Qa2 32.Qc5 Qa8 33.Qb4 Kf8 34.Qxb7 
Qa2 35.Rc8+ Kg7 36.Rxg8+ Kxg8 37.Qc8+ Kg7 38.gxf5 Qa7+ 39.Qc5 Qd7 40.f6+ 
1-0

[Event "16th Asia-ch (w)"]
[Site "Ho Chi Minh VIE"]
[Date "2012.05.06"]
[Round "2"]
[White "Hoang Thi Bao Tram"]
[Black "Aulia, Virda Rizka"]
[Result "1-0"]
[WhiteElo "2356"]
[BlackElo "1769"]
[EventDate "2012.05.05"]
[PlyCount "85"]

1.d4 e6 2.Nf3 Nf6 3.e3 b6 4.Bd3 Bb7 5.Nbd2 c5 6.O-O Be7 7.c3 O-O 8.e4 d6 
9.Qe2 Nbd7 10.e5 Ne8 11.Ne4 h6 12.Bf4 d5 13.Ng3 Nc7 14.Rfe1 Re8 15.Qd2 Bf8
16.Nh5 cxd4 17.cxd4 Qe7 18.Rac1 Rec8 19.a3 Ba6 20.Rxc7 Bxd3 21.Rxc8 Rxc8 
22.Qxd3 g6 23.Ng3 Nb8 24.Qd2 g5 25.Nxg5 hxg5 26.Bxg5 Qc7 27.Nh5 Nd7 28.Rc1
Qxc1+ 29.Qxc1 Rxc1+ 30.Bxc1 Kh7 31.f4 Kg6 32.g4 b5 33.Ng3 Be7 34.Kg2 f5 
35.g5 Nb6 36.h4 Nc4 37.h5+ Kh7 38.Kf3 a5 39.h6 Bf8 40.Nh5 Kg6 41.Nf6 b4 
42.axb4 axb4 43.Ke2 1-0

[Event "16th Asia-ch (w)"]
[Site "Ho Chi Minh VIE"]
[Date "2012.05.06"]
[Round "2"]
[White "Aulia, Medina Warda"]
[Black "Karavade, Eesha"]
[Result "0-1"]
[WhiteElo "2172"]
[BlackElo "2353"]
[EventDate "2012.05.05"]
[PlyCount "98"]

1.e4 c5 2.Nf3 d6 3.d4 cxd4 4.Nxd4 Nf6 5.Nc3 a6 6.Be2 e5 7.Nb3 Be7 8.Be3 
Be6 9.O-O O-O 10.f3 Nbd7 11.Rf2 Qc7 12.Bf1 Nb6 13.Rd2 Rfd8 14.Kh1 Rac8 15.
a3 Nc4 16.Bxc4 Bxc4 17.Nc1 Be6 18.N1a2 h6 19.Nb4 a5 20.Nbd5 Nxd5 21.exd5 
Bf5 22.Qg1 Qc4 23.Bb6 Bg5 24.Re2 Rd7 25.Bxa5 Rc5 26.Bb4 Rxd5 27.b3 Qa6 28.
Qe1 Rd4 29.Ne4 Bd8 30.c4 Bb6 31.Nxd6 R4xd6 32.c5 Rd5 33.cxb6 f6 34.Bd2 Rd3
35.Be3 Rxb3 36.Rd2 Rdd3 37.Bc5 Qc4 38.Rxd3 Rxd3 39.Qb4 Qd5 40.Re1 Rb3 41.
Qa4 Bd7 42.Qa8+ Kh7 43.Bb4 Rxf3 44.Qa5 Qxa5 45.Bxa5 Rxa3 46.Bb4 Ra2 47.Rc1
Bc6 48.Kg1 Rxg2+ 49.Kf1 Rb2 0-1

[Event "16th Asia-ch (w)"]
[Site "Ho Chi Minh VIE"]
[Date "2012.05.06"]
[Round "2"]
[White "Ding Yixin"]
[Black "Citra, Dewi Andhiani Anastasia"]
[Result "1-0"]
[WhiteElo "2353"]
[BlackElo "2112"]
[EventDate "2012.05.05"]
[PlyCount "63"]

1.e4 c5 2.Nf3 d6 3.d4 cxd4 4.Nxd4 Nf6 5.Nc3 e6 6.Be2 Be7 7.O-O Nc6 8.Be3 
O-O 9.f4 Bd7 10.Nb3 a6 11.Bf3 Qc7 12.g4 Bc8 13.g5 Nd7 14.Bg2 Re8 15.Qh5 g6
16.Qh4 b5 17.Rf3 Na5 18.Ne2 Nf8 19.Raf1 Bd8 20.Ng3 Rb8 21.Qh6 f5 22.gxf6 
Bxf6 23.Nh5 Bxb2 24.e5 Rd8 25.Nf6+ Kh8 26.Rh3 Bb7 27.exd6 Rxd6 28.Ne4 Rdd8
29.Nec5 Bc8 30.Bf2 e5 31.Rd3 Nc4 32.Ne4 1-0

[Event "16th Asia-ch (w)"]
[Site "Ho Chi Minh VIE"]
[Date "2012.05.06"]
[Round "2"]
[White "Muminova, Nafisa"]
[Black "Padmini, Rout"]
[Result "1-0"]
[WhiteElo "2338"]
[BlackElo "2345"]
[EventDate "2012.05.05"]
[PlyCount "80"]

1.e4 c5 2.Nf3 d6 3.d4 cxd4 4.Nxd4 Nf6 5.Nc3 a6 6.Be2 e5 7.Nb3 Be7 8.O-O 
O-O 9.Bf3 h6 10.a4 Be6 11.Re1 Nbd7 12.a5 Qc7 13.Be3 b5 14.axb6 Nxb6 15.Na5
Nc4 16.Nxc4 Bxc4 17.Qd2 Be6 18.Rec1 a5 19.b3 Rfc8 20.Nb5 Qd8 21.Na7 Rc7 
22.Rxa5 Nd7 23.Rca1 Rb8 24.Ra6 Nc5 25.Nc6 Rxc6 26.Rxc6 Qd7 27.Rca6 Nxa6 
28.Rxa6 Qc8 29.Ra1 Ra8 30.Rxa8 Qxa8 31.h3 Qa1+ 32.Kh2 Qb2 33.b4 Bc4 34.c3 
Qb1 35.Qd1 Qa2 36.Qc1 Kh7 37.Bd1 Bd3 38.f3 d5 39.exd5 Qxd5 40.Qd2 f5 1-0

[Event "16th Asia-ch (w)"]
[Site "Ho Chi Minh VIE"]
[Date "2012.05.06"]
[Round "2"]
[White "Tania, Sachdev"]
[Black "Pham Bich Ngoc"]
[Result "1-0"]
[WhiteElo "2417"]
[BlackElo "2176"]
[EventDate "2012.05.05"]
[PlyCount "89"]

1.d4 d5 2.c4 c6 3.Nf3 Nf6 4.Nc3 g6 5.Bf4 dxc4 6.a4 Nd5 7.Be5 f6 8.Bg3 Nxc3
9.bxc3 Qa5 10.Qc1 Be6 11.e3 Nd7 12.Nd2 Qa6 13.Be2 Bg7 14.Qa3 c5 15.O-O O-O
16.e4 cxd4 17.cxd4 Rfc8 18.d5 Bf7 19.Qxe7 Nb6 20.a5 Nxd5 21.exd5 Re8 22.
Bxc4 Rxe7 23.Bxa6 bxa6 24.d6 Re2 25.Nf3 f5 26.Rac1 Be8 27.Rc7 Rd8 28.Rxa7 
Bb5 29.Rd1 Bf6 30.h4 h6 31.Rd5 Re4 32.Be5 Bxe5 33.Nxe5 Rxh4 34.Nxg6 Rg4 
35.Ne7+ Kf7 36.Nc6+ Ke6 37.Rxb5 Rxd6 38.Rb6 Rd1+ 39.Kh2 f4 40.Nd4+ Kd5 41.
Rd7+ Kc5 42.Rc6+ Kb4 43.Nc2+ Kb5 44.Rb6+ Kxa5 45.Rxa6+ 1-0

[Event "16th Asia-ch (w)"]
[Site "Ho Chi Minh VIE"]
[Date "2012.05.06"]
[Round "2"]
[White "Vo Thi Kim Phung"]
[Black "Guo Qi"]
[Result "0-1"]
[WhiteElo "2155"]
[BlackElo "2360"]
[EventDate "2012.05.05"]
[PlyCount "100"]

1.d4 d5 2.Nf3 Nf6 3.Bf4 c5 4.e3 Qb6 5.Nc3 c4 6.Rb1 Bf5 7.Ne5 e6 8.g4 Be4 
9.f3 Bg6 10.h4 h6 11.Nxg6 fxg6 12.Kf2 Nbd7 13.a4 Bd6 14.b3 Bxf4 15.exf4 
Qc7 16.Qd2 O-O 17.bxc4 dxc4 18.Rb4 Nb6 19.a5 Nbd5 20.Rxc4 Qxa5 21.Rc5 Qd8 
22.f5 Nxc3 23.Rxc3 exf5 24.g5 Nh5 25.gxh6 Qd6 26.hxg7 Rfe8 27.Rh3 Rad8 28.
Bc4+ Kxg7 29.Rb3 Re7 30.c3 a6 31.Rb1 b5 32.Bd3 Qf4 33.Rd1 Rde8 34.Qxf4 
Nxf4 35.Rhh1 Re3 36.Bb1 Re2+ 37.Kg3 Nh5+ 38.Kh3 R8e3 39.Rhf1 Rxc3 40.d5 
Rc4 41.Rg1 Kh6 42.Be4 fxe4 43.d6 Rc8 44.d7 Rd8 45.Rd6 Kh7 46.Rc1 exf3 47.
Rc8 Rg2 48.Rd4 Nf4+ 49.Rxf4 Rxd7 50.Rxf3 Rgd2 0-1